000 00646nam a2200193 i 4500
001 185067
003 ES-MaACL
005 20230906222336.0
008 160317s1971 sp |||| | spa d
245 0 0 _aCatálogo de productores, exportadores e importadores españoles...
_b: 1970-1971.
250 _a12 ª ed.
260 _aMadrid :
_bPRODEI,
_c1971.
300 _a1607 p. ;
_c28 cm.
500 _aEdición en español, inglés, francés y alemán.
650 4 _aExportadores-
_zEspaña-
_vDirectorios.
_9159074
650 4 _aImportadores-
_zEspaña-
_vDirectorios.
_9159075
710 2 _aPRODEI (Madrid)
_9159076
852 _aES-MaACL
_jC-43300
999 _c185067
_d185067